Państwa najbliższe Macedonii Północnej - Statystyki

Ogólne statystyki
  • Ten quiz został rozwiązany 492 razy
  • Średni wynik to 18 z 20
Statystyki odpowiedzi
km Państwo % Poprawnych
0 Grecja
97%
0 Kosowo
95%
0 Serbia
95%
0 Albania
94%
0 Bułgaria
94%
179 Chorwacja
94%
169 Rumunia
93%
274 Turcja
93%
204 Włochy
93%
434 Węgry
91%
183 Bośnia i Hercegowina
90%
79 Czarnogóra
90%
577 Słowenia
90%
648 Słowacja
89%
575 Ukraina
88%
635 Austria
87%
Mołdawia
86%
739 Polska
86%
695 San Marino
69%
666 Watykan
65%
Nie znaleziono quizów pasujących do podanych kryteriów
Rozkład punktacji
Procent ludzi z każdym wynikiem
Percentyl według liczby udzielonych odpowiedzi
Twoja historia wyników
Nie rozwiązałeś tego quizu